000 00952nam a2200289 a 4500
001 15330
003 BD-RjUL
005 20211208235808.0
008 140209s1983 njua 001 0 eng d
020 _a0134066529 (pbk.)
020 _a013406660X (hard)
035 _a(BD-RjUL)15384
040 _aDLC
_cDLC
_dBD-RjUL
_beng
041 _aeng
082 0 0 _a001.64250681
_219
_bCUH 1983
100 1 _aCurry, Jess W.
_947646
245 1 0 _aHow to find and buy good software :
_ba guide for business and professional people /
_cJess W. Curry, David M. Bonner.
260 _aEnglewood Cliffs, N.J. :
_bPrentice-Hall,
_cc1983.
300 _ax, 161 p. :
_bill. ;
_c24 cm.
500 _aCover title: How to find & buy good software.
500 _aIncludes index.
650 0 _aComputer software
_xPurchasing.
_947647
700 1 _aBonner, David M.
_947648
740 0 _aHow to find & buy good software.
942 _2ddc
_cBK
999 _c15330
_d15330